Localización, Diseño y Trazado Definitivo del eje de un camino de forma simultanea
Presenta la localización, diseño y trazado definitivo del eje de un camino en forma simultánea. Cuando se estudia un camino ubicado en áreas montañosas, inhóspitas y de difícil acceso, es muy conveniente y económico que la localización diseño y replanteo se efectúen en forma simultánea....
| Main Author: | |
|---|---|
| Other Authors: | |
| Format: | Tesis Section = Libro |
| Language: | Undetermined Spanish |
| Published: |
Managua
UNI
1993
|
| Subjects: |
| LEADER | 01190nam a2200253Ia 4500 | ||
|---|---|---|---|
| 008 | 240830s9999 xx 000 0 und d | ||
| 040 | |a BIBLIOTECA-RUPAP Mon 625.7 V252 | ||
| 041 | |a spa | ||
| 082 | |a Mon 625.7 V252 | ||
| 100 | 1 | |a Vanegas Cortez, Julio Cesar | |
| 245 | 1 | 0 | |a Localización, Diseño y Trazado Definitivo del eje de un camino de forma simultanea |
| 260 | |a Managua |b UNI |c 1993 | ||
| 300 | |a 70 p. :il. | ||
| 500 | |a Contiene: anexos. | ||
| 502 | |a Tesis (Ingeniero Civil)- UNI, 1993. | ||
| 520 | 3 | |a Presenta la localización, diseño y trazado definitivo del eje de un camino en forma simultánea. Cuando se estudia un camino ubicado en áreas montañosas, inhóspitas y de difícil acceso, es muy conveniente y económico que la localización diseño y replanteo se efectúen en forma simultánea. Este procedimiento es recomendable cuando los fondos y el tiempo son muy limitados para los estudios. | |
| 650 | 7 | |a CAMINOS | |
| 650 | 7 | |b LEVANTAMIENTO TOPOGRAFICO | |
| 650 | 7 | |c RECONOCIMIENTO AEREO - TERRESTRE - COMBINADO | |
| 650 | 7 | |d CONFIGURACION DEL TERRENO | |
| 700 | 1 | |a Tutor: |b Ayestas Camacho, Salvador | |
| 942 | |c BK |2 ddc | ||
| 991 | |a TESIS | ||
| 999 | |c 15995 | ||